000
00302nam a22001337a 4500
008
181011b xxu||||| |||| 00| 0 eng d
020
_a
9781497408180
041
_a
eng
080
_a
004
100
_a
28
101
_a
SHKI
245
_a
A Smarter Way to Learn JavaScript
_c
Myers, M
942
_2
udc
_c
BK
999
_c
49459
_d
49459